000 00434nam a2200193Ia 4500
005 20240823023943.0
008 240823s9999||||xx |||||||||||||| ||und||
020 _a81-7764-515-3
041 _aENGLISH
082 _A410.4 P6
100 _aChellammal V
245 0 _aLearning to Communicate
250 _a1st
260 _c2006
_bAllie
500 _aTRANSFERED
650 _aEnglish
_bEnglish
942 _cBK
999 _c182767
_d182767